El sentido humano en la obra de Puccini

Guardat en:
Dades bibliogràfiques
Autor principal: Martínez Acosta, Orlando (autor)
Format: Llibre
Idioma:espanyol
Publicat: Buenos Aires Ricordi Americana 1958
Matèries:
Etiquetes: Afegir etiqueta
Sense etiquetes, Sigues el primer a etiquetar aquest registre!

MARC

LEADER 00000nam a2200000 a 4500
001 UCW2282
003 CL-VaPUC
005 20231207104401.0
008 880325e19580000AG |||||||||||||||||spa|d
999 |c 216849  |d 216847 
040 |c Pontificia Universidad Católica de Valparaíso 
082 0 4 |a 780.92  |b MAR  |2 21 
100 |a Martínez Acosta, Orlando  |e autor  |9 306245 
245 1 3 |a El sentido humano en la obra de Puccini 
260 |a Buenos Aires  |b Ricordi Americana  |c 1958 
300 |a 157 p 
583 |a last modification  |c 19880325 00:00:00  |k Rodrigo Vera 
600 0 |a Puccini, Giacomo  |2 CL-VaPUC  |9 306246  |d 1858-1924 
650 0 |9 329309  |a Compositores italianos 
650 0 |9 457827  |a Músicos italianos 
942 |c BK  |2 ddc 
945 |d 19880325 00:00:00 
952 |0 0  |1 0  |4 0  |6 780_920000000000000_MAR_1958  |7 0  |8 A  |9 203213  |a BIBEDU  |b BIBEDU  |d 2019-11-15  |i 2704560  |o 780.92 MAR 1958  |p 2704560  |r 2023-01-12  |w 2019-11-15  |y BK  |k MUS